[Event "Tres Cantos op 1st"]
[Site "Tres Cantos"]
[Date "2009.06.09"]
[Round "4"]
[White "Munoz Munoz, Pablo"]
[Black "Iagar, Razvan Gabriel"]
[Result "1/2-1/2"]
[WhiteElo "2016"]
[BlackElo "2141"]
[PlyCount "76"]
[EventDate "2009.06.06"]
[EventType "swiss"]
[EventRounds "9"]
[EventCountry "ESP"]
[SourceTitle "EXT 2010"]
[Source "ChessBase"]
[SourceDate "2010.11.25"]
[SourceVersion "1"]
[SourceVersionDate "2010.11.25"]
[SourceQuality "1"]

1. d4 d5 2. c4 e6 3. Nc3 c6 4. Nf3 Nf6 5. Bg5 Be7 6. e3 Nbd7 7. cxd5 exd5 8. Bd3 h6 9. Bf4 0-0 10. h3 Ne8 11. Qc2 Bd6 12. Bxd6 Nxd6 13. 0-0 Nf6 14. Ne5 Be6 15. Rab1 Rc8 16. Rfc1 Qe8 17. Qa4 Ra8 18. Qb4 Qe7 19. Na4 Rfe8 20. Nc5 Bc8 21. Qc3 Nd7 22. Ncxd7 Bxd7 23. b4 Rac8 24. Qc2 Be6 25. Qe2 f6 26. Ng6 Qd7 27. Nf4 Bf5 28. Bxf5 Qxf5 29. Qg4 Qxg4 30. hxg4 Nc4 31. Rc3 b5 32. a4 a6 33. Nd3 Ra8 34. Nc5 bxa4 35. Nxa4 Reb8 36. Rbb3 Nd2 37. Rb1 Nc4 38. Rbb3 Nd2 1/2-1/2

[Event "Tres Cantos op 1st"]
[Site "Tres Cantos"]
[Date "2009.06.07"]
[Round "2"]
[White "Alvarez Gonzalez, Eduardo"]
[Black "Munoz Munoz, Pablo"]
[Result "0-1"]
[WhiteElo "1839"]
[BlackElo "2016"]
[PlyCount "42"]
[EventDate "2009.06.06"]
[EventType "swiss"]
[EventRounds "9"]
[EventCountry "ESP"]
[SourceTitle "EXT 2010"]
[Source "ChessBase"]
[SourceDate "2010.11.25"]
[SourceVersion "1"]
[SourceVersionDate "2010.11.25"]
[SourceQuality "1"]

1. d4 Nf6 2. Nf3 e6 3. c4 c5 4. d5 b5 5. cxb5 Bb7 6. dxe6 fxe6 7. e3 d5 8. Be2 Bd6 9. Nc3 0-0 10. Qc2 Nbd7 11. Nd2 Qe7 12. Nb3 Ne5 13. Na5 d4 14. Nxb7 Qxb7 15. exd4 cxd4 16. Qd1 Qxg2 17. Rf1 Bc5 18. Qb3 dxc3 19. Qxe6+ Nf7 20. Qf5 Bb4 21. Rb1 c2+ 0-1